| 000 | 00432nam a2200133Ia 4500 | ||
|---|---|---|---|
| 008 | 220615s9999||||xx |||||||||||||| ||und|| | ||
| 020 | _a9780260000000 | ||
| 245 | 0 | _aPost-crisis Fiscal Policy | |
| 546 | _aEnglish[eng] | ||
| 650 | _aEconometrics and economic statistics||Finance | ||
| 700 | _aCottarelli, Carlo||Gerson, Philip||Senhadji, Abdelhak | ||
| 856 | _uhttps://doi.org/10.7551/mitpress/9780262027182.001.0001 | ||
| 942 | _cEB | ||
| 999 |
_c15005 _d15005 |
||